| 000 | 00497nam a2200181 4500 | ||
|---|---|---|---|
| 003 | SEACOMEC | ||
| 005 | 20241213124906.0 | ||
| 008 | 241213b |||||||| |||| 00| 0 eng d | ||
| 020 |
_a8131708950 _c335 |
||
| 040 | _aSEACOMEC | ||
| 082 |
_a005.133 _bA427 |
||
| 100 | _a Allen, James | ||
| 245 |
_aNatural Language Understanding / _cJames Allen |
||
| 260 |
_aDelhi _bPearson Education India, _c2007 |
||
| 300 | _a676 p | ||
| 440 | _aBenjamin/ Cummings series in computer science | ||
| 942 | _cBOOK | ||
| 999 |
_c1883 _d1883 |
||